U.S. Cities with the most murders per capita - Statistics

General Stats
  • This quiz has been taken 82 times
  • The average score is 8 of 15
Answer Stats
Hint Answer % Correct
2nd: 47.9 per 100,000 Detroit
83%
1st: 48.7 per 100,000 Memphis
69%
12th: 20.3 per 100,000 Houston
68%
4th: 32 per 100,000 Atlanta
66%
8th: 23.5 per 100,000 Las Vegas
61%
13th: 16.5 per 100,000 Dallas
56%
14th: 14.6 per 100,000 Nashville
53%
3rd: 34.3 per 100,000 Milwaukee
51%
7th: 27.1 per 100,000 Indianapolis
47%
5th: 30.7 per 100,000 Kansas City
47%
10th: 22.1 per 100,000 Minneapolis
41%
9th: 22.4 per 100,000 Columbus
39%
6th:30.5 per 100,000 Louisville
34%
15th: 14.3 per 100,000 Tulsa
32%
11th: 21.3 per 100,000 Albuquerque
29%
No matching quizzes found
Score Distribution
Percent of People with Each Score
Percentile by Number Answered
Your Score History
You have not taken this quiz